[Event "AUTO-OPEN-4610"]
[Site "http://www.queenalice.com/game.php?id=1861768"]
[Date "2025.8.18"]
[Round "1"]
[White "Cerberus"]
[Black "grotegeest"]
[Result "1/2-1/2"]
[WhiteElo "2718"]
[BlackElo "2580"]

1. d4 Nf6 2. c4 g6 3. Nc3 Bg7 4. e4 d6 5. f3 O-O 6. Be3 a6 7. Qd2 Nbd7 8. Nh3 c5
9. Nf2 cxd4 10. Bxd4 Ne5 11. b3 Qa5 12. Rc1 Be6 13. Be2 b5 14. f4 Nc6 15. Bxf6
Bxf6 16. Nd5 Qxd2+ 17. Kxd2 Bb2 18. cxb5 Bxc1+ 19. Rxc1 Nd4 20. Nxe7+ Kg7 21. b6
Rfb8 22. Bd3 Rxb6 23. f5 Rb7 24. Nc6 Nxc6 25. Rxc6 gxf5 26. exf5 Bd5 27. Rxd6
Bxg2 28. f6+ Kf8 29. Bxh7 Rbb8 30. Bd3 Rd8 31. Rb6 Bf1 32. Ke3 Bxd3 1/2-1/2

[Event "AUTO-ELITE-2594"]
[Site "http://www.queenalice.com/game.php?id=1868098"]
[Date "2026.1.17"]
[Round "2"]
[White "Sexxy_Bunny"]
[Black "Cerberus"]
[Result "1/2-1/2"]
[WhiteElo "2674"]
[BlackElo "2715"]

1. e4 e5 2. Nf3 Nc6 3. Bb5 a6 4. Ba4 Nf6 5. O-O Be7 6. Re1 b5 7. Bb3 O-O 8. c3
d5 9. exd5 Nxd5 10. Nxe5 Nxe5 11. Rxe5 c6 12. d4 Bd6 13. Re1 Qh4 14. g3 Qh3 15.
Be3 Bg4 16. Qd3 f5 17. f4 Kh8 18. Bxd5 cxd5 19. Nd2 Rfe8 20. Qf1 Qh5 21. a4 b4
22. c4 b3 23. c5 Bc7 24. Qg2 Rad8 25. Nf1 Re4 26. Qf2 h6 27. Bd2 Be2 28. Ne3 Bd3
29. Ng2 Rde8 30. Re3 Bc2 31. Rae1 Bd8 32. Qe2 Qg6 33. Bc3 R8e6 34. Qd2 Qe8 35.
a5 g5 36. Rxe4 Bxe4 37. Qd1 Bc7 38. Bd2 Qa4 39. fxg5 Qxd4+ 40. Be3 Qxd1 41. Rxd1
hxg5 42. Bxg5 Bxa5 43. Be3 Bb4 44. Nf4 Rc6 45. Nd3 Bxd3 46. Rxd3 Bxc5 47. Bxc5
Rxc5 48. Rxb3 Kg7 49. Rb6 a5 50. h4 Rc2 51. b3 d4 52. Rd6 Rd2 53. Kf1 Kf7 54.
Rb6 d3 55. Rd6 Ke7 56. Rd4 Kf6 57. Rd5 Ke6 58. Rd8 Ke5 59. Ke1 Re2+ 60. Kd1 Ke4
61. Re8+ Kf3 62. Rxe2 dxe2+ 63. Ke1 Kxg3 64. h5 f4 65. h6 Kg2 66. h7 f3 67. h8=Q
f2+ 68. Kxe2 f1=Q+ 69. Kd2 Qf4+ 70. Kc2 Qe4+ 71. Kb2 Qe2+ 72. Kb1 Qd1+ 73. Ka2
Qd5 74. Qb2+ Kf3 75. Qc3+ Ke2 76. Qc4+ Qd3 77. Qxd3+ Kxd3 78. Ka3 Kd4 79. Ka4
Kc3 80. Kxa5 Kxb3 81. Kb5 1/2-1/2

[Event "AUTO-OPEN-4610"]
[Site "http://www.queenalice.com/game.php?id=1871195"]
[Date "2026.3.29"]
[Round "2"]
[White "Cerberus"]
[Black "cerenzo72"]
[Result "1-0"]
[WhiteElo "2710"]
[BlackElo "2123"]

1. e4 e5 2. f4 exf4 3. Bc4 Qh4+ 4. Kf1 g5 5. Nc3 g4 6. d4 f3 7. gxf3 gxf3 8.
Nxf3 Qh3+ 9. Ke1 d6 10. Bxf7+ Kd8 11. Rg1 Bg4 12. Rg3 Qh5 13. Bxh5 1-0